00478 a2200169 450000100060000002000160000604000370002210000420005924000360010124500310013730000070016836200090017565000110018494200070019595200890020299900170029174475 a857056628-X cAnchieta - Colégio São Paulo aSouza, Iara Liz Schiavinatto Carvalho10aA república do progressolpor10aA república do progresso a430 a1990 4aBrasil cBK 00104070a88.1b88.1d2023-11-22l0p5157/CSPr2023-11-22 14:31:24w2023-11-22yBK c74475d74475